000 00484nam a2200169 a 4500
001 000048120
005 20201002060931.0
008 181116s2017 dr 000 p spa d
020 _a9781977710093
040 _aDO-SdBNP
_bspa
_cBNPHU
082 _axxxx
_bT325v
100 1 _aTerrero Melo, Luis
_975602
245 1 0 _aViaje al equinoccio /
_cLuis Terrero Melo.
260 _aEstados Unidos de América :
_bs. n.,
_c2017.
300 _a80 p. ;
_c22 cm.
590 _aInventariado, 2018/LP
999 _c47608
_d47608